000 01221nam a22002535i 4500
001 159714
003 ES-MaACL
005 20230906211743.0
008 970610s1879 sp f |||| | spa d
080 _a913(460.181)"18"
100 1 _aMingote y Tarazona, Policarpo.
_9129947
245 1 0 _aGuía del viajero en León y su provincia /
_cpor D. Policarpo Mingote y Tarazona.
260 _aLeón :
_b[s.n.],
_c1879 (
_fEst. tip. de Miñón)
300 _a270, [8] h. de lám., [1] h. pleg. de mapa ;
_c20 cm.
530 _aDisponible en formato digital.
586 _aPremiada en público concurso por la Sociedad Económica de Amigos del País de León, e impresa a expensas de la misma.
597 _aPort. con sello de la Sociedad Económica de Amigos del País, León.
651 4 _aLeón (Provincia)-
_vGuías turísticas.
_9163622
710 2 _aSociedad Económica de Amigos del País de León.
_9173026
752 _aEspaña -
_dLeón
852 _aES-MaACL
_jD-397
_z- Enc. hol. grab.
856 _uhttp://bdh-rd.bne.es/viewer.vm?id=0000001145&page=1
_zBiblioteca Digital Hispánica
856 _uhttps://bvpb.mcu.es/es/consulta/registro.do?id=398416
_zBiblioteca Virtual del Patrimonio Bibliográfico
999 _c159714
_d159714